Indian interiors
| Main Author: | |
|---|---|
| Other Authors: | , |
| Format: | Book |
| Language: | English French German |
| PhysicalDescription: | 319 s. fareb. fotogr. 27 cm |
| Published: |
Köln
Taschen
c2003
|
| ISBN: | 3822823929 |
| Subjects: |
MARC
| LEADER | 00000nam a2200000 a 4500 | ||
|---|---|---|---|
| 001 | vtls008692323 | ||
| 003 | SK-MaSNL | ||
| 005 | 20260301205504.0 | ||
| 008 | 240315s2003 gw o f 000 0 eng | ||
| 020 | |a 3822823929 |q (viaz.) | ||
| 040 | |a SNK |b slo |c SNK |e AACR2 | ||
| 041 | 0 | |a eng |a fre |a ger | |
| 043 | |a a-ii--- | ||
| 044 | |a gx |c DE | ||
| 072 | 7 | |a 72 |x Architektúra |2 konspekt | |
| 080 | |a 72.012.8 |2 2001 | ||
| 080 | |a 728 |2 2001 | ||
| 080 | |a 365 |2 2001 | ||
| 080 | |a 72(540) |2 2001 | ||
| 080 | |a (540) |2 2001 | ||
| 080 | |a (084.11) |2 2001 | ||
| 100 | 1 | |a Sethi, Sunil |4 aut |9 591669 | |
| 245 | 1 | 0 | |a Indian interiors |c text Sunil Sethi ; photos Deidi von Schaewen ; edited by Angelika Taschen |
| 246 | 1 | 1 | |a Intérieurs de l'Inde |
| 260 | |a Köln |b Taschen |c c2003 | ||
| 300 | |a 319 s. |b fareb. fotogr. |c 27 cm | ||
| 546 | |a Súbežný názov franc. ; text franc. a nem. | ||
| 650 | 0 | 7 | |a indická architektúra |2 SNKPH |9 86227 |
| 650 | 0 | 7 | |a interiéry |2 SNKPH |9 2953 |
| 650 | 0 | 7 | |a obytné domy |2 SNKPH |9 66500 |
| 650 | 0 | 7 | |a bývanie |2 SNKPH |9 1991 |
| 651 | 7 | |a India |2 SNKPH |9 13358 | |
| 655 | 7 | |a obrazové publikácie |2 SNKPH |9 70343 | |
| 700 | 1 | |a Taschen, Angelika |4 com |9 591670 | |
| 700 | 1 | |a Schaewen, Deidi von |4 pht |9 591671 | |
| 919 | |a 3-8228-2392-9 | ||
| 999 | |c 910285 |d 912215 | ||
| 952 | |t snkIND 72(540) |a SNKUST |b SNKUST |y PREZ |7 0 |p 17A0474567 |o snkIB 71117 |i snk2006/8065 |8 3 |g 23.20 |0 0 |1 0 |4 0 |d 2006-04-20 |l 0 |r 2025-03-20 00:00:00 |w 2026-02-24 | ||


